Normal view
MARC view
- اعداد الرواضية، وليد وآخرون، الكتابهة والتنسيق مصعل الطلالعة
Entry Personal Name
001 - CONTROL NUMBER
- control field: 63486
003 - CONTROL NUMBER IDENTIFIER
- control field: JO-AjAnu
005 - DATE AND TIME OF LATEST TRANSACTION
- control field: 20230606084348.0
008 - FIXED-LENGTH DATA ELEMENTS
- fixed length control field: 230606|| aca||aabn | a|a d
040 ## - CATALOGING SOURCE
- Original cataloging agency: JO-AjAnu
- Transcribing agency: JO-AjAnu
100 ## - HEADING--PERSONAL NAME
- Personal name: اعداد الرواضية، وليد وآخرون، الكتابهة والتنسيق مصعل الطلالعة
670 ## - SOURCE DATA FOUND
- Source citation: Work cat.: (JO-AjAnu)32369: اعداد الرواضية، وليد وآخرون، الكتابهة والتنسيق مصعل الطلالعة, author, سيرة ومسيرة 1981-2021: اصدار خاص بمناسبة مرور 40 عاما على تاسيس جامعة مؤتة تزامنا مع الاحتفال بمئوية المملكة الاردنية الهاشمية